000 00911nam a2200253Ia 4500
003 OSt
005 20220927105651.0
006 a|||||r|||| 00| 0
007 ta
008 220926b |||||||| |||| 00| 0 eng d
024 _a194602
037 _cReference Collections
040 _aRTL
_cRTL
_beng
041 _2eng
_aeng
082 _a"X:8C.2.N8, P7/Th"
100 _aMODA Renu
_9374114
245 0 _aHarmonisation of financial accounting and reporting practices
_b A comparative analysis of select countries.
260 _a"Delhi,"
_bUniversity of Delhi.
_c2007
300 _a"ix, 294p Bibliography: P 280-94"
_ccm.
490 _a"Thesis, University of Delhi, Commerce (Deptt. of-). University of Delhi, Commerce (Deptt. of-), Thesis"
500 _aNote: Acc. from CRL
942 _h"X:8C.2.N8, P7/Th"
_cCC
999 _c693808
_d693808